Applied functional analysis : numerical methods, wavelet methods, and image processing /
Guardado en:
| Autor Principal: | |
|---|---|
| Formato: | Libro |
| Idioma: | English |
| Publicado: |
New York :
M. Dekker,
c2004.
|
| Series: | Monographs and textbooks in pure and applied mathematics ;
258 |
| Materias: | |
| Acceso en línea: | Publisher description |
| Etiquetas: |
Agregar Etiqueta
Sin Etiquetas, Sea el primero en etiquetar este registro!
|
| LEADER | 00938cam a22002414a 4500 | ||
|---|---|---|---|
| 001 | MAT.inmabb004026 | ||
| 008 | 030825s2004####nyu######b####001#0#eng## | ||
| 005 | 20130306145819.0 | ||
| 245 | 1 | 0 | |a Applied functional analysis : |b numerical methods, wavelet methods, and image processing / |c Abul Hasan Siddiqi. |
| 260 | |a New York : |b M. Dekker, |c c2004. | ||
| 300 | |a xviii, 575 p. ; |c 24 cm. | ||
| 440 | 0 | |a Monographs and textbooks in pure and applied mathematics ; |v 258 | |
| 504 | |a Incluye referencias bibliográficas e índices. | ||
| 510 | 4 | |a MR, |c 2004h:47098 | |
| 020 | |a 0824740971 | ||
| 100 | 1 | |a Siddiqi, A. H. | |
| 650 | 0 | |a Functional analysis. | |
| 650 | 0 | |a Wavelets (Mathematics) | |
| 084 | |a 47N40 (46N40 47J25 47N20 65-01 65Jxx) |2 msc2000 | ||
| 010 | |a 2003062462 | ||
| 040 | |a DLC |c DLC |d DLC | ||
| 856 | 4 | 2 | |3 Publisher description |u http://www.loc.gov/catdir/enhancements/fy0647/2003062462-d.html |
| 859 | |h 47 |i Si568 |p A-8334 |b BIB. MATEMATICA | ||
